Les personnages de Game of Thrones par temps d'écran - Statistiques

Statistiques générales
  • Ce quiz a été pris 3 269 fois
  • Le résultat moyen est 14 sur 20
Statistiques - réponses
Temps Personnage % Correct
651 min Jon Snow
100%
524 min Daenerys Targaryen
96%
697 min Tyrion Lannister
96%
393 min Arya Stark
95%
418 min Sansa Stark
94%
425 min Cersei Lannister
93%
392 min Jaime Lannister
84%
224 min Brandon Stark
83%
264 min Samwell Tarly
68%
267 min Lord Varys
67%
231 min Sandor Clegane
67%
261 min Theon Greyjoy
67%
214 min Petyr Baelish
66%
328 min Jorah Mormont
65%
228 min Brienne de Torth
63%
228 min Missandei
53%
296 min Davos Mervault
42%
179 min Ver Gris
42%
155 min Catelyn Stark
37%
192 min Tormund Fléau-d'Ogres
28%
Aucun quiz correspondant
Distribution des résultats
% des personnes avec chaque résultat
Percentile par nombre de réponses
Votre historique - résultats
Vous n’avez pas pris ce quiz